000 00388nam a2200145Ia 4500
008 240729s9999 xx 000 0 und d
022 _a2708-2512
245 0 _aRehman Journal of Health Sciences
260 _aPakistan
260 _bRehman Medical Institute
650 _aMedicine
856 _uhttps://doaj.org/toc/c1e660374b1549b3a3a9924cc0d16f4f
942 _2ddc
942 _cDOAJEJ
999 _c68687
_d68687
945 _a1
_bMadushi Gamage
_c1
_dMadushi Gamage